P, A, JV - Statistics

General Stats
  • This quiz has been taken 21 times
    11 since last reset
  • The average score is 5 of 10
Answer Stats
Question Answer % Correct
Work together on a structured basis without forming an actual company Alliance
86%
Will have a workshop where a charter is written Partnership
86%
Becomes a separate legal entity Joint Venture
71%
Aims to encourage effective team work, openness and trust All
57%
Likely to share office space without being an actual company Alliance
57%
Consortium can be used to describe one between contractors Joint Venture
57%
A group of companies who agree to cooperate and share gains and losses (in a structured way) Alliance
43%
Non binding agreement Partnership
43%
DONT have a board of directors Alliance
29%
Original organisations continue in their own right All
14%
No matching quizzes found
Score Distribution
Percent of People with Each Score
Percentile by Number Answered
Your Score History
You have not taken this quiz since the last reset